• 首页
  • 本馆介绍
  • 公告通知
  • 最新文献
  • 馆藏检索
  • 电子资源
  • 读者导购
  • 参考咨询
  • 我的图书馆
  • 登录
  • 详细信息显示
  • 放入我的书架
  • 预约/预借图书
  • 作者相关作品
  • 分类相关作品
  • 丛书相关作品
  • 出版社相关作品

书目信息

  • 表格格式
  • 工作单格式
  • 卡片格式
题名:
世界贸易组织简介
    
 
作者: 张锡嘏 编著
分册:  
出版信息: 北京   对外贸易教育出版社  2000.05
页数: 255页
开本: 32开
丛书名:
单 册:
中图分类: F743
科图分类:
主题词: 商业经济
电子资源:
ISBN: 7-81000-937-0
000 00551nam0 2200193 45
001 0012290948
005 20031219104048.5
010    @a7-81000-937-0@dCNY13.00
100    @a20001229d2000 km y0chiy0120 ea
101 0  @achi
105    @a z 000yy
200 1  @a世界贸易组织简介@AShi Jie Mao Yi Zu Zhi Jian Jie@f张锡嘏编著@FZhang Xi Gu Bian Zhu
210    @a北京@c对外贸易教育出版社@d2000.05
215    @a255页@d32开
606 0  @a商业经济
690    @aF743@v1
701  0 @a张锡嘏@4编著
801    @aCN@bTSTC@c20001229
905    @b294796-800@dF743@e14@f5
    
    世界贸易组织简介/张锡嘏编著.-北京:对外贸易教育出版社,2000.05
    255页;32开
    
    
    ISBN 7-81000-937-0:CNY13.00
    
●
相关链接 在E读中查询图书 在五车中查询图书 在当当中查询图书 在豆瓣中查询图书


正题名:世界贸易组织简介     索取号:F743/14         预约/预借

序号 登录号 条形码 馆藏地/架位号 状态 备注
1 0294796   002947967   第一借阅区/ [索取号:F743/14] 在馆    
2 0294797   002947976   第一借阅区/ [索取号:F743/14] 在馆    
3 0294798   002947985   密集书库/ [索取号:F743/14] 在馆    
4 0294799   002947994   第一借阅区/ [索取号:F743/14] 在馆    
5 0294800   002948001   第一样本阅览室/ [索取号:F743/14] 在馆    
6 0300964   203009644   密集书库/ [索取号:F743/14] 在馆    
7 0300965   203009653   第一借阅区/ [索取号:F743/14] 在馆    
8 0300966   203009662   密集书库/ [索取号:F743/14] 在馆    
9 0300967   203009671   密集书库/ [索取号:F743/14] 在馆    
10 0300968   203009680   密集书库/ [索取号:F743/14] 在馆    
唐山师范学院图书馆 欢迎您!
大连网信软件有限公司© 版权所有